000
00309nam a2200097Ia 4500
005
20250424112846.0
008
250424s9999 xx 000 0 und d
300
_a
iv. , 177 p. ; 24 cm.
650
_a
Finance--Nigeria--Periodicals. Business--Nigeria--Periodicals. Investments--Nigeria--Periodicals.
942
_c
SR
999
_c
37540
_d
37540